Something to chew on (Record no. 117575)
[ view plain ]
| 000 -LEADER | |
|---|---|
| fixed length control field | 01154cam a2200205 4500 |
| 001 - CONTROL NUMBER | |
| control field | ABS67930 |
| 008 - FIXED-LENGTH DATA ELEMENTS--GENERAL INFORMATION | |
| fixed length control field | 040622n2004 000 0 eng u |
| 035 ## - SYSTEM CONTROL NUMBER | |
| System control number | (Sirsi) u126564 |
| 100 ## - MAIN ENTRY--PERSONAL NAME | |
| Personal name | Spring, M. |
| 245 ## - TITLE STATEMENT | |
| Title | Something to chew on |
| 260 ## - PUBLICATION, DISTRIBUTION, ETC. | |
| Date of publication, distribution, etc. | 2004 |
| 490 ## - SERIES STATEMENT | |
| Series statement | Building |
| Volume/sequential designation | 269(8335) 4 June 2004, 48-49(2) |
| 520 ## - SUMMARY, ETC. | |
| Summary, etc. | Discusses CABE's review of urban housing. This concentrates on 20 large high-density urban housing projects. "Design reviewed urban housing : lessons learned from projects reviewed by CABE's expert design panel" (J126679) argues that high density housing is difficult to get exactly right as it requires very careful site specific design where standardised solutions are often not appropriate. The CABE report is not intended as a design guide but as a discussion of the ingredients involved in good design. This includes the use of courtyard or part courtyard forms which are becoming commonplace in residential projects. With a list of good and bad practice in design. |
| 590 ## - LOCAL NOTE (RLIN) | |
| Local note | ABS |
| 590 ## - LOCAL NOTE (RLIN) | |
| Local note | ABS |
| 650 ## - SUBJECT ADDED ENTRY--TOPICAL TERM | |
| Topical term or geographic name entry element | URBAN HOUSING |
| 650 ## - SUBJECT ADDED ENTRY--TOPICAL TERM | |
| Topical term or geographic name entry element | HIGH DENSITY HOUSING |
| 690 ## - LOCAL SUBJECT ADDED ENTRY--TOPICAL TERM (OCLC, RLIN) | |
| Topical term or geographic name as entry element | HOUSING-DEVELOPMENT |
| 942 ## - ADDED ENTRY ELEMENTS (KOHA) | |
| Suppress in OPAC | 0 |
| Withdrawn status | Lost status | Source of classification or shelving scheme | Damaged status | Not for loan | Home library | Current library | Shelving location | Date acquired | Total Checkouts | Full call number | Barcode | Date last seen | Copy number | Price effective from | Koha item type |
|---|---|---|---|---|---|---|---|---|---|---|---|---|---|---|---|
| Dewey Decimal Classification | London | London | Journal article | 22/06/2004 | ABS67930 | 126564-1001 | 06/08/2019 | 1 | 06/08/2019 | Journal article |